Central Library OPAC University of Rajshahi

কণা কোয়ান্টাম ও তরঙ্গ / (Record no. 48449)

MARC details
000 -LEADER
fixed length control field 00985nam a22002417a 4500
001 - CONTROL NUMBER
control field 48449
003 - CONTROL NUMBER IDENTIFIER
rucl marc code BD-RjUL
005 - DATE AND TIME OF LATEST TRANSACTION
control field 20211209054527.0
008 - FIXED-LENGTH DATA ELEMENTS--GENERAL INFORMATION
fixed length control field 160814m20041984bg ||||| |||| 00| 0 ben d
020 ## - INTERNATIONAL STANDARD BOOK NUMBER
International Standard Book Number 984074478x
Terms of availability : TK. 100.00
035 ## - SYSTEM CONTROL NUMBER
System control number (BD-RjUL)48568
040 ## - CATALOGING SOURCE
Original cataloging agency BD-RjUL
Language of cataloging ben
Transcribing agency BD-RjUL
Modifying agency BD-RjUL
041 ## - LANGUAGE CODE
Language code of text/sound track or separate title ben
082 ## - DEWEY DECIMAL CLASSIFICATION NUMBER
Edition number 23
Classification number 530.12
Author mark and year SMK 2004
100 ## - MAIN ENTRY--PERSONAL NAME
Personal name সমরোদিনস্কি, ইয়া. আ.
9 (RLIN) 146517
245 ## - TITLE STATEMENT
Title কণা কোয়ান্টাম ও তরঙ্গ /
Statement of responsibility, etc. ইয়া. আ. সমরোদিনস্কি ; বঙ্গানুবাদ, সুব্রত বড়ুয়া
260 ## - PUBLICATION, DISTRIBUTION, ETC. (IMPRINT)
Place of publication, distribution, etc. ঢাকা :
Name of publisher, distributor, etc. বাংলা একাডেমী,
Date of publication, distribution, etc. ২০০৪,
300 ## - PHYSICAL DESCRIPTION
Pagination ১০৪ পৃ. ;
Size ২৪ সেমি.
650 ## - SUBJECT ADDED ENTRY--TOPICAL TERM
Topical term or geographic name as entry element কোয়ান্টাম তত্ত্ব
9 (RLIN) 127854
Topical term or geographic name as entry element Quantum theory
9 (RLIN) 117539
700 ## - ADDED ENTRY--PERSONAL NAME
Personal name বড়ুয়া, সুব্রত
942 ## - ADDED ENTRY ELEMENTS (KOHA)
Source of classification or shelving scheme Dewey Decimal Classification
Koha item type Books
Holdings
Lost status Source of classification or shelving scheme Damaged status Not for loan Collection code Permanent Location Current Location Shelving location Date acquired Source of acquisition Cost, normal purchase price Total Checkouts Full call number Date last seen Copy number Koha item type
  Dewey Decimal Classification     Non-fiction Central Library, University of Rajshahi Central Library, University of Rajshahi   30/07/2012 Bangla Academy, Dhaka 100.00   B 530.12 SMK 2004 14/08/2016 C-2 Books
  Dewey Decimal Classification     Non-fiction Central Library, University of Rajshahi Central Library, University of Rajshahi   30/07/2012 Bangla Academy, 100.00   B 530.12 SMK 2004 22/11/2016 C-3 Books
  Dewey Decimal Classification   Not For Loan Non-fiction Central Library, University of Rajshahi Central Library, University of Rajshahi Reading Room 25/06/1990 Dhaka, Bangla Academy 35.00   B 530.12 SMK 1984 30/04/2017 C-1 Books